| 000 | 01385nam0a22003011 4500 | ||
|---|---|---|---|
| 001 | v19\rc\1354078 | ||
| 005 | 20250618080013.0 | ||
| 035 | _a(NLR Aleph) 004498318 | ||
| 090 |
_a4681254 _c4681254 |
||
| 100 | _a20060512d1865 |||y0rusy50 ca | ||
| 101 | 0 | _arus | |
| 102 | _aRU | ||
| 105 | _ay z ||||| | ||
| 200 | 1 |
_aIX поучений _eОбъяснение на седмь таинств святой, православ., греко-вост. церкви _f[Соч.] Ф. Агафонова, свящ. Св. Троиц. церкви, и законоучитель 1-го Уфим. приход. и учитель церков. уч-щ |
|
| 210 |
_a[Уфа _cизд. авт.] _d1865 |
||
| 215 |
_a3-39, [1] с. _d20 |
||
| 300 | _aЗагл. обл.: Объяснение на седмь таинств святой, православной, грековосточной церкви | ||
| 512 | 0 | _aОбъяснение на седмь таинств святой, православной, грековосточной церкви | |
| 532 | 1 | 1 | _aДевять поучений |
| 700 | 1 |
_aАгафонов _bФ.В. _f1827-1867 _gФедор Виссарионович |
|
| 801 | 0 |
_aRU _bNLR _gpsbo |
|
| 801 | 0 |
_aRU _bRuMoRGB _2psbo |
|
| 801 | 1 |
_aRU _bProSoft-M _2rusmarc |
|
| 852 |
_aNLR _j18.97.1.142 |
||
| 899 |
_aRuMoRGB _jE 58/397 |
||
| 899 | _aБАН | ||
| 942 | _cBOOK | ||
| 980 | _aNB | ||